<?xml version='1.0' encoding='UTF-8'?>
  <record xmlns="http://www.loc.gov/MARC21/slim">
    <leader>00000cam a22000007i 4500</leader>
    <controlfield tag="001">ocm68006596</controlfield>
    <controlfield tag="003">OCoLC</controlfield>
    <controlfield tag="005">20250818065257.3</controlfield>
    <controlfield tag="008">980611s1561    gw            000 0 ger d</controlfield>
    <datafield tag="040" ind1=" " ind2=" ">
      <subfield code="a">NLGGC</subfield>
      <subfield code="b">eng</subfield>
      <subfield code="e">rda</subfield>
      <subfield code="e">dcrmr</subfield>
      <subfield code="c">NLGGC</subfield>
      <subfield code="d">QGJ</subfield>
      <subfield code="d">OCLCA</subfield>
      <subfield code="d">OCLCL</subfield>
      <subfield code="d">QGJ</subfield>
    </datafield>
    <datafield tag="029" ind1="0" ind2=" ">
      <subfield code="a">NLGGC</subfield>
      <subfield code="b">17031345X</subfield>
    </datafield>
    <datafield tag="035" ind1=" " ind2=" ">
      <subfield code="a">(OCoLC)68006596</subfield>
    </datafield>
    <datafield tag="100" ind1="1" ind2=" ">
      <subfield code="a">Lindener, Michael,</subfield>
      <subfield code="d">-1562,</subfield>
      <subfield code="e">author.</subfield>
      <subfield code="4">aut</subfield>
      <subfield code="1">https://id.oclc.org/worldcat/entity/E39PBJcrfPwjbFBcM36Y77gh73</subfield>
    </datafield>
    <datafield tag="245" ind1="1" ind2="0">
      <subfield code="a">Grund und bericht, Vom gewalt und ansehen der Obrigkeit unnd schuldigen gehorsam der Unterthanen, gegen Geistlichen und Weltlichen, der gestalt zuvor nie gesehen noch an tag kommen, sehr nutzlich zuwissen, und newlich durch M. L. in Druck geordnet. /</subfield>
      <subfield code="c">authore Jeronimo Savanorola. Sambt den fürnemesten unterscheiden, zwischen reiner Chriflicher Lehr, deß Evangelij, und der abgöttischen widerwertigen, an hertzogen  Heinrichen von Sachsen durch Phil. Mel. weiland gestellet.</subfield>
    </datafield>
    <datafield tag="246" ind1="3" ind2=" ">
      <subfield code="a">Grund vnd bericht, Vom gewalt vnd ansehen der Obrigkeit vnnd schuldigen gehorsam der Vnterthanen, gegen Geistlichen vnd Weltlichen</subfield>
    </datafield>
    <datafield tag="264" ind1=" " ind2="1">
      <subfield code="a">Gedruckt zu Nürmberg, :</subfield>
      <subfield code="b">bey Christoff Heußler.,</subfield>
      <subfield code="c">Anno. 1561.</subfield>
    </datafield>
    <datafield tag="300" ind1=" " ind2=" ">
      <subfield code="a">[102] leaves ;</subfield>
      <subfield code="c">16 cm (8vo)</subfield>
    </datafield>
    <datafield tag="336" ind1=" " ind2=" ">
      <subfield code="a">text</subfield>
      <subfield code="b">txt</subfield>
      <subfield code="2">rdacontent</subfield>
    </datafield>
    <datafield tag="337" ind1=" " ind2=" ">
      <subfield code="a">unmediated</subfield>
      <subfield code="b">n</subfield>
      <subfield code="2">rdamedia</subfield>
    </datafield>
    <datafield tag="338" ind1=" " ind2=" ">
      <subfield code="a">volume</subfield>
      <subfield code="b">nc</subfield>
      <subfield code="2">rdacarrier</subfield>
    </datafield>
    <datafield tag="500" ind1=" " ind2=" ">
      <subfield code="a">Place of publication and printer taken from colophon.</subfield>
    </datafield>
    <datafield tag="500" ind1=" " ind2=" ">
      <subfield code="a">Colophon: Gedruckt zu Nürmberg, bey Christoff Heußler. 1561.</subfield>
    </datafield>
    <datafield tag="500" ind1=" " ind2=" ">
      <subfield code="a">Imprint: Anno. 1561.</subfield>
    </datafield>
    <datafield tag="500" ind1=" " ind2=" ">
      <subfield code="a">Signatures: A-N⁸ (L7, N6-8 are blank).</subfield>
    </datafield>
    <datafield tag="500" ind1=" " ind2=" ">
      <subfield code="a">Tail-pieces.</subfield>
    </datafield>
    <datafield tag="500" ind1=" " ind2=" ">
      <subfield code="a">Author is Michael Lindener.</subfield>
    </datafield>
    <datafield tag="500" ind1=" " ind2=" ">
      <subfield code="a">Contains a contribution by Philip Melanchthon.</subfield>
    </datafield>
    <datafield tag="510" ind1="4" ind2=" ">
      <subfield code="a">Verzeichnis der im deutschen Sprachbereich erschienenen Drucke des 16. Jahrhunderts (VD 16),</subfield>
      <subfield code="c">L 1893</subfield>
      <subfield code="u">https://gateway-bayern.de/VD16+L+1893</subfield>
    </datafield>
    <datafield tag="510" ind1="4" ind2=" ">
      <subfield code="3">Melanchthon, Philipp: Fürnehmste Unterschiede zwischen reiner christlicher Lehre des Evangelii und der abgöttischen widerwärtigen:</subfield>
      <subfield code="a">Verzeichnis der im deutschen Sprachbereich erschienenen Drucke des 16. Jahrhunderts (VD 16),</subfield>
      <subfield code="c">M 4397</subfield>
      <subfield code="u">https://gateway-bayern.de/VD16+M+4397</subfield>
    </datafield>
    <datafield tag="700" ind1="1" ind2="2">
      <subfield code="i">Container of (expression):</subfield>
      <subfield code="a">Melanchthon, Philip,</subfield>
      <subfield code="d">1497-1560.</subfield>
      <subfield code="t">Vornehmsten Unterschiede zwischen reiner christlicher Lehre des Evangelii und der abgöttischen papistischen Lehre.</subfield>
    </datafield>
    <datafield tag="700" ind1="1" ind2=" ">
      <subfield code="a">Heussler, Christoph,</subfield>
      <subfield code="d">active 1556-1578,</subfield>
      <subfield code="e">printer.</subfield>
      <subfield code="4">prt</subfield>
      <subfield code="1">https://id.oclc.org/worldcat/entity/E39PCjxc4xf4qFh6Dh6pwbKQVP</subfield>
    </datafield>
    <datafield tag="752" ind1=" " ind2=" ">
      <subfield code="a">Germany</subfield>
      <subfield code="d">Nuremberg,</subfield>
      <subfield code="e">publication place.</subfield>
      <subfield code="4">pup</subfield>
    </datafield>
    <datafield tag="758" ind1=" " ind2=" ">
      <subfield code="i">has work:</subfield>
      <subfield code="a">Grund und bericht, vom gewalt und ansehen der Obrigkeit unnd schuldigen gehorsam der Unterthanen, gegen Geistlichen und Weltlichen, der gestalt zuvor nie gesehen noch an tag kommen, sehr nutzlich zu wissen, und newlich durch M. L. in Druck geordnet (Text)</subfield>
      <subfield code="1">https://id.oclc.org/worldcat/entity/E39PD3rpPkHwpyFRVxCJqhQQbd</subfield>
      <subfield code="4">https://id.oclc.org/worldcat/ontology/hasWork</subfield>
    </datafield>
  </record>